50 centres retail rents -first quarter 2003 (Record no. 73023)

MARC details
000 -LEADER
fixed length control field 01025cam a2200205 4500
001 - CONTROL NUMBER
control field WB3926-04
008 - FIXED-LENGTH DATA ELEMENTS--GENERAL INFORMATION
fixed length control field 030710n2003 000 0 eng u
035 ## - SYSTEM CONTROL NUMBER
System control number (Sirsi) u122972
245 ## - TITLE STATEMENT
Title 50 centres retail rents -first quarter 2003
260 ## - PUBLICATION, DISTRIBUTION, ETC.
Date of publication, distribution, etc. 2003
490 ## - SERIES STATEMENT
Series statement JLL 50 Centres Retail Rents
Volume/sequential designation July 2003 (8)
520 ## - SUMMARY, ETC.
Summary, etc. The latest Jones Lang Lasalle "50 centres retail rents" guide covering the six months to March 2003 has been published. The guide is compiled on the basis of the analysis of rental data from 100 towns and cities, of which the top 50 are selected. It covers centres in England, Wales and Scotland but excludes central London. Register gratis on the Jones Lang Lasalle website at http://www.joneslanglasalle.co.uk/ to view the report
590 ## - LOCAL NOTE (RLIN)
Local note WB
650 ## - SUBJECT ADDED ENTRY--TOPICAL TERM
Topical term or geographic name entry element PROPERTY-COMMERCIAL PROPERTY-RETAIL PROPERTY-RETAIL PROPERTY MARKET
650 ## - SUBJECT ADDED ENTRY--TOPICAL TERM
Topical term or geographic name entry element RETAIL RENTS
650 ## - SUBJECT ADDED ENTRY--TOPICAL TERM
Topical term or geographic name entry element RANKINGS
650 ## - SUBJECT ADDED ENTRY--TOPICAL TERM
Topical term or geographic name entry element PRIME RENTS
690 ## - LOCAL SUBJECT ADDED ENTRY--TOPICAL TERM (OCLC, RLIN)
Topical term or geographic name as entry element PROPERTY-COMMERCIAL PROPERTY-COMMERCIAL PROPERTY MARKET
942 ## - ADDED ENTRY ELEMENTS (KOHA)
Suppress in OPAC 0
Holdings
Withdrawn status Lost status Source of classification or shelving scheme Damaged status Not for loan Home library Current library Shelving location Date acquired Total Checkouts Full call number Barcode Date last seen Copy number Price effective from Koha item type
    Dewey Decimal Classification     London London News article 10/07/2003   WB3926-04 122972-1001 06/08/2019 1 06/08/2019 News article